| 000 | 00579nam a22001697a 4500 | ||
|---|---|---|---|
| 003 | MACL | ||
| 005 | 20160719132715.0 | ||
| 008 | 160719b xxu||||| |||| 00| 0 eng d | ||
| 040 | _cMACL | ||
| 041 | _aHindi | ||
| 082 | _a800 | ||
| 100 |
_aवत्स, परमात्मा शरण _964712 |
||
| 245 |
_aशकुन-अपशकुन _cपरमात्मा शरण वत्स |
||
| 260 |
_aमेरठ _bअर्चना पब्लिकेशन्स |
||
| 650 |
_aकाव्य समीक्षा _948818 |
||
| 942 |
_2ddc _cHIN |
||
| 999 |
_c54444 _d54444 |
||